Statistics for NFL - 2018 Pittsburgh Steelers Roster

Click here to take the quiz!

General Stats

  • This quiz has been taken 18 times
  • The average score is 12 of 23

Answer Stats

HintAnswer% Correct
WRAntonio Brown
100%
QBBen Roethlisberger
100%
LBT.J. Watt
94%
WRJuJu Smith-Schuster
88%
DECameron Heyward
82%
RBJames Conner
82%
KChris Boswell
76%
CMaurkice Pouncy
71%
RGDavid DeCastro
65%
LTAlejandro Villanueva
59%
PJordan Berry
47%
TEVance McDonald
47%
LGRamon Foster
41%
DEStephon Tuitt
41%
LBBud Dupree
35%
CBJoe Haden
35%
MLBVince Williams
35%
CBArtie Burns
29%
DTJavon Hargrave
29%
FSSean Davis
29%
RTMatt Feiler
18%
SSTerrell Edmunds
18%
MLBJohnathan Bostic
12%

Score Distribution

Percentile by Number Answered

Percent of People with Each Score

Your Score History

You have not taken this quiz